[Event "Fagernes op"]
[Site "Fagernes"]
[Date "2024.03.30"]
[Round "8"]
[White "Raja, Rithvik R"]
[Black "Puranik, Abhimanyu Sameer"]
[Result "0-1"]
[WhiteElo "2532"]
[BlackElo "2618"]
[PlyCount "96"]
[EventDate "2024.03.24"]
[EventType "swiss"]
[EventRounds "9"]
[EventCountry "NOR"]
[SourceTitle "CB14_2024"]
[SourceDate "2024.04.01"]
[SourceVersion "1"]
[SourceVersionDate "2024.04.01"]
[SourceQuality "1"]

1. d4 Nf6 2. c4 g6 3. g3 c6 4. Bg2 d5 5. Nf3 Bg7 6. 0-0 0-0 7. cxd5 cxd5 8. Ne5 Nc6 9. Nc3 Ng4 10. Nxc6 bxc6 11. Na4 a5 12. h3 Nf6 13. Be3 Ne4 14. Rc1 Bd7 15. b3 Nd6 16. Bf4 Nf5 17. e3 h6 18. g4 Nh4 19. Bg3 Nxg2 20. Kxg2 f6 21. Nc5 Bc8 22. f4 e6 23. Rf2 Qe8 24. Qc2 Kh7 25. Na4 Ra6 26. Qd3 Rf7 27. Nc5 Raa7 28. Qc3 Bf8 29. h4 e5 30. h5 gxh5 31. dxe5 fxe5 32. Qxe5 Qxe5 33. fxe5 Rxf2+ 34. Bxf2 hxg4 35. e4 Re7 36. Bd4 h5 37. exd5 cxd5 38. Na4 Bf5 39. Kg3 Bh6 40. Rf1 Kg6 41. Nb6 Bg5 42. Nxd5 h4+ 43. Kh2 g3+ 44. Kg1 Rd7 45. Nf4+ Bxf4 46. Rxf4 h3 47. e6 h2+ 48. Kh1 Rh7 0-1

[Event "Fagernes op"]
[Site "Fagernes"]
[Date "2024.03.29"]
[Round "7"]
[White "Puranik, Abhimanyu Sameer"]
[Black "Blomqvist, Erik"]
[Result "1-0"]
[WhiteElo "2618"]
[BlackElo "2511"]
[PlyCount "55"]
[EventDate "2024.03.24"]
[EventType "swiss"]
[EventRounds "9"]
[EventCountry "NOR"]
[SourceTitle "CB14_2024"]
[SourceDate "2024.04.01"]
[SourceVersion "1"]
[SourceVersionDate "2024.04.01"]
[SourceQuality "1"]

1. e4 e5 2. Nf3 Nc6 3. Bb5 a6 4. Ba4 Nf6 5. 0-0 Nxe4 6. d4 b5 7. Bb3 d5 8. dxe5 Be6 9. Nbd2 Nc5 10. c3 Be7 11. Bc2 d4 12. Nb3 d3 13. Bb1 Nxb3 14. axb3 Bf5 15. b4 0-0 16. h3 Qd7 17. Bf4 Rfd8 18. g4 Bg6 19. Bg3 a5 20. bxa5 b4 21. a6 Qc8 22. Qa4 Nb8 23. a7 Qb7 24. Nd4 Bc5 25. e6 Rxa7 26. e7 Rf8 27. e8Q Rxa4 28. Qxa4 1-0

[Event "Cannes op 37th"]
[Site "Cannes"]
[Date "2024.02.24"]
[Round "8"]
[White "Tarhan, Adar"]
[Black "Puranik, Abhimanyu Sameer"]
[Result "1-0"]
[WhiteElo "2415"]
[BlackElo "2635"]
[PlyCount "105"]
[EventDate "2024.02.19"]
[EventType "swiss"]
[EventRounds "9"]
[EventCountry "FRA"]
[SourceTitle "CB09_2024"]
[SourceDate "2024.02.28"]
[SourceVersion "1"]
[SourceVersionDate "2024.02.28"]
[SourceQuality "1"]

1. b3 e5 2. Bb2 Nc6 3. e3 d5 4. Bb5 Bd6 5. Nf3 Qe7 6. c4 a6 7. Ba4 Nf6 8. c5 Bxc5 9. Nxe5 0-0 10. Bxc6 bxc6 11. Nxc6 Qe8 12. Nd4 Bd6 13. 0-0 c5 14. Nf3 Qe7 15. d4 Bg4 16. dxc5 Bxc5 17. Nc3 Rfd8 18. Ne2 Ne4 19. Ne5 Bh5 20. Qd3 Bd6 21. Nc6 Qc7 22. Nxd8 Bxh2+ 23. Kh1 Rxd8 24. f3 Qd6 25. Qd4 f6 26. fxe4 Bxe2 27. Rf2 Be5 28. Qxd5+ Qxd5 29. exd5 Bxb2 30. Rb1 Be5 31. Rxe2 Rxd5 32. b4 Kf7 33. a4 Ke7 34. Rc2 Rd7 35. a5 Ra7 36. b5 axb5 37. Rxb5 Kd7 38. Ra2 h5 39. a6 Kc6 40. Rb4 g5 41. Rc2+ Kd6 42. Rb6+ Kd5 43. Ra2 h4 44. Rb7 Ra8 45. a7 Ke4 46. Rb3 Kf5 47. Ra5 Kg4 48. Kg1 h3 49. Ra4+ Kg3 50. e4+ Kf4 51. Rxh3 g4 52. Rd3 Bc7 53. g3+ 1-0

[Event "Bangabandhu-chT"]
[Site "Dhaka"]
[Date "2024.02.10"]
[Round "10.1"]
[White "Puranik, Abhimanyu Sameer"]
[Black "Alam, Md Monjur"]
[Result "1-0"]
[WhiteElo "2635"]
[BlackElo "1890"]
[PlyCount "73"]
[EventDate "2024.02.01"]
[EventType "team-tourn"]
[EventRounds "11"]
[EventCountry "BAN"]
[SourceTitle "CB07_2024"]
[SourceDate "2024.02.14"]
[SourceVersion "1"]
[SourceVersionDate "2024.02.14"]
[SourceQuality "1"]
[WhiteTeam "Bangladesh Police"]
[BlackTeam "Uttara Central CC"]
[WhiteTeamCountry "BAN"]
[BlackTeamCountry "BAN"]

1. e4 e6 2. d4 d5 3. e5 c5 4. c3 Nc6 5. Nf3 Nge7 6. Bd3 cxd4 7. cxd4 Nf5 8. Bxf5 exf5 9. Nc3 Be6 10. Ne2 Bb4+ 11. Bd2 Qb6 12. 0-0 0-0 13. h4 Rac8 14. Bxb4 Qxb4 15. b3 h6 16. Nf4 Rc7 17. Qd3 Rfc8 18. a3 Qb6 19. Qe3 Na5 20. b4 Nc4 21. Qe2 a5 22. Rfb1 Qa7 23. a4 b6 24. h5 Rc6 25. b5 R6c7 26. Nh4 Re7 27. Qd3 Qd7 28. Kh2 Ree8 29. g3 Rc7 30. Ra2 Kf8 31. g4 fxg4 32. Qh7 Rcc8 33. Nxe6+ fxe6 34. Ng6+ Kf7 35. Rg1 Rf8 36. Rxg4 Ke8 37. Rf4 1-0

[Event "Titled Tuesday intern op 06th Feb Early"]
[Site "Chess.com INT"]
[Date "2024.02.06"]
[Round "4"]
[White "Puranik, Abhimanyu Sameer"]
[Black "Manukyan, Sargis A"]
[Result "1-0"]
[WhiteElo "2635"]
[BlackElo "2216"]
[PlyCount "63"]
[EventDate "2024.02.06"]
[EventType "swiss (blitz)"]
[EventRounds "11"]
[EventCountry "USA"]
[SourceTitle "CB07_2024"]
[SourceDate "2024.02.14"]
[SourceVersion "1"]
[SourceVersionDate "2024.02.14"]
[SourceQuality "1"]

1. c4 Nf6 2. Nc3 e6 3. e4 c5 4. e5 Ng8 5. Nf3 Nc6 6. g3 d6 7. exd6 Bxd6 8. d4 cxd4 9. Nxd4 Nge7 10. Bg2 0-0 11. Nxc6 Nxc6 12. 0-0 Be7 13. Bf4 e5 14. Be3 Qxd1 15. Rfxd1 Be6 16. Nd5 Bd8 17. Rac1 f6 18. b4 a6 19. a4 Rb8 20. b5 axb5 21. axb5 Ne7 22. Ba7 Ra8 23. Bc5 Rf7 24. Bxe7 Bxe7 25. Nc7 Rc8 26. Nxe6 Bb4 27. Nd8 Rfc7 28. Bd5+ Kh8 29. Nf7+ Kg8 30. Nd6+ Kh8 31. Nxc8 Rxc8 32. Bxb7 1-0

[Event "Keres Memorial rap 33rd"]
[Site "Tallinn"]
[Date "2024.01.06"]
[Round "4"]
[White "Kuzubov, Yuriy"]
[Black "Puranik, Abhimanyu Sameer"]
[Result "1-0"]
[WhiteElo "2605"]
[BlackElo "2645"]
[PlyCount "83"]
[EventDate "2024.01.06"]
[EventType "swiss (rapid)"]
[EventRounds "11"]
[EventCountry "EST"]
[SourceTitle "CB02_2024"]
[SourceDate "2024.01.10"]
[SourceVersion "1"]
[SourceVersionDate "2024.01.10"]
[SourceQuality "1"]

1. c4 Nf6 2. Nc3 e5 3. Nf3 Nc6 4. e3 Bb4 5. Qc2 Bxc3 6. Qxc3 Qe7 7. d4 e4 8. Nd2 d5 9. b3 a5 10. h3 h5 11. Bb2 Rh6 12. a3 a4 13. bxa4 dxc4 14. Bxc4 Rg6 15. d5 Na5 16. g3 Bd7 17. Ba2 Bxa4 18. Rc1 Nd7 19. Qb4 Rb6 20. Qxe7+ Kxe7 21. Bd4 f5 22. Bxb6 cxb6 23. g4 g6 24. gxf5 gxf5 25. Rg1 Ne5 26. Rc7+ Bd7 27. f4 exf3 28. Kf2 Kd6 29. Rc3 b5 30. Nxf3 Nac4 31. Bxc4 Nxc4 32. Rg6+ Kc5 33. Ne5 Be8 34. Rf6 Kxd5 35. Nxc4 bxc4 36. Rxf5+ Ke6 37. Rf8 b5 38. e4 Rd8 39. Rg3 Ke7 40. Rf5 Rd2+ 41. Ke1 Rh2 42. Re5+ 1-0

[Event "Keres Memorial rap 33rd"]
[Site "Tallinn"]
[Date "2024.01.06"]
[Round "1"]
[White "Puranik, Abhimanyu Sameer"]
[Black "Garber, Vjatseslav"]
[Result "1-0"]
[WhiteElo "2645"]
[BlackElo "2055"]
[PlyCount "43"]
[EventDate "2024.01.06"]
[EventType "swiss (rapid)"]
[EventRounds "11"]
[EventCountry "EST"]
[SourceTitle "CB02_2024"]
[SourceDate "2024.01.10"]
[SourceVersion "1"]
[SourceVersionDate "2024.01.10"]
[SourceQuality "1"]

1. b3 d5 2. Bb2 Nf6 3. Nf3 e6 4. c4 Be7 5. e3 b6 6. Nc3 Bb7 7. cxd5 exd5 8. Rc1 c5 9. d4 Nbd7 10. Bd3 Rc8 11. Qe2 0-0 12. 0-0 Qc7 13. Rfd1 Qb8 14. Bf5 Rcd8 15. dxc5 Nxc5 16. Nd4 Nce4 17. Bxe4 Nxe4 18. Nxe4 dxe4 19. Nf5 Bd6 20. Qg4 Be5 21. Bxe5 Qxe5 22. Nh6+ 1-0

[Event "Krakow op-A 34th"]
[Site "Krakow"]
[Date "2024.01.02"]
[Round "7"]
[White "Puranik, Abhimanyu Sameer"]
[Black "Podolskyi, Mykhailo"]
[Result "1/2-1/2"]
[WhiteElo "2627"]
[BlackElo "2177"]
[PlyCount "45"]
[EventDate "2023.12.27"]
[EventType "swiss"]
[EventRounds "9"]
[EventCountry "POL"]
[SourceTitle "CB02_2024"]
[SourceDate "2024.01.10"]
[SourceVersion "1"]
[SourceVersionDate "2024.01.10"]
[SourceQuality "1"]

1. e4 c5 2. Nf3 e6 3. Nc3 a6 4. d4 cxd4 5. Nxd4 b5 6. Bd3 Bb7 7. 0-0 Nc6 8. Nxc6 Bxc6 9. Re1 Qb8 10. a4 b4 11. Nd5 Bd6 12. h3 Nf6 13. Nxf6+ gxf6 14. Bc4 Rg8 15. Qd3 Ke7 16. Bd5 Qc7 17. Bxc6 Qxc6 18. Be3 f5 19. Bd2 Rac8 20. Rad1 fxe4 21. Qxe4 Qxe4 22. Rxe4 Rxc2 23. Bxb4 1/2-1/2

[Event "Krakow op-A 34th"]
[Site "Krakow"]
[Date "2023.12.27"]
[Round "1"]
[White "Puranik, Abhimanyu Sameer"]
[Black "Piekielny, Pawel"]
[Result "1-0"]
[WhiteElo "2627"]
[BlackElo "2250"]
[PlyCount "87"]
[EventDate "2023.12.27"]
[EventType "swiss"]
[EventRounds "9"]
[EventCountry "POL"]
[SourceTitle "CB02_2024"]
[SourceDate "2024.01.10"]
[SourceVersion "1"]
[SourceVersionDate "2024.01.10"]
[SourceQuality "1"]

1. e4 e6 2. d4 d5 3. e5 c5 4. c3 Nc6 5. Nf3 Bd7 6. Be2 Nge7 7. 0-0 cxd4 8. cxd4 Nf5 9. Nc3 Be7 10. Bd3 g6 11. Ne2 Qb6 12. Bxf5 exf5 13. Bg5 Bxg5 14. Nxg5 h6 15. Nf3 0-0 16. Qd2 Kg7 17. Rac1 Ne7 18. Rc5 Rfc8 19. Rfc1 Qd8 20. h4 b6 21. R5c3 Rxc3 22. Rxc3 Rc8 23. g3 Rxc3 24. Qxc3 Be6 25. Nf4 Qd7 26. Kg2 Nc6 27. Ne1 Nd8 28. Nc2 Nc6 29. b3 Ne7 30. Qd3 Qc7 31. Na3 Bd7 32. Nb1 Qc1 33. Nc3 Qe1 34. Nce2 Qa1 35. Qa6 g5 36. Nh5+ Kg6 37. Nf6 Be6 38. hxg5 hxg5 39. Nf4+ gxf4 40. Qe2 Kg7 41. Qh5 f3+ 42. Kh2 Bd7 43. Qh7+ Kf8 44. Qh6# 1-0

[Event "Sitges Sunway op 10th"]
[Site "Sitges"]
[Date "2023.12.22"]
[Round "10"]
[White "Puranik, Abhimanyu Sameer"]
[Black "Sethuraman, SP."]
[Result "1-0"]
[WhiteElo "2627"]
[BlackElo "2582"]
[PlyCount "83"]
[EventDate "2023.12.12"]
[EventType "swiss"]
[EventRounds "10"]
[EventCountry "ESP"]
[SourceTitle "CB52_2023"]
[SourceDate "2023.12.27"]
[SourceVersion "1"]
[SourceVersionDate "2023.12.27"]
[SourceQuality "1"]

1. c4 c6 2. Nf3 d5 3. g3 Nf6 4. Bg2 dxc4 5. 0-0 Nbd7 6. Qc2 Nb6 7. Na3 Be6 8. Ne5 h5 9. Naxc4 Nxc4 10. Nxc4 h4 11. d3 hxg3 12. fxg3 g6 13. Rb1 Bg7 14. b4 Ng4 15. h3 Ne5 16. Bb2 Nxc4 17. dxc4 Bd4+ 18. e3 Bxe3+ 19. Kh2 Rh7 20. Rbd1 Qc8 21. h4 Bb6 22. Rde1 a5 23. a3 axb4 24. axb4 Ra2 25. Qb1 Rxb2 26. Qxb2 Bc7 27. Qd4 g5 28. Kg1 gxh4 29. gxh4 Bg3 30. Re4 f5 31. Qe3 fxe4 32. Qxg3 Rh6 33. Bxe4 Rf6 34. Rxf6 exf6 35. Qg7 Qd7 36. Bg6+ Kd8 37. Qxf6+ Kc7 38. Qf4+ Kb6 39. h5 Qd1+ 40. Kf2 Ka6 41. Qe5 Qd2+ 42. Kg3 1-0

[Event "Sant Boi de Llobregat op 4th"]
[Site "Sant Boi de Llobregat"]
[Date "2023.12.06"]
[Round "7"]
[White "Puranik, Abhimanyu Sameer"]
[Black "Aditya, Mittal"]
[Result "1-0"]
[WhiteElo "2627"]
[BlackElo "2595"]
[PlyCount "113"]
[EventDate "2023.11.30"]
[EventType "swiss"]
[EventRounds "9"]
[EventCountry "ESP"]
[SourceTitle "CB50_2023"]
[SourceDate "2023.12.13"]
[SourceVersion "1"]
[SourceVersionDate "2023.12.13"]
[SourceQuality "1"]

1. d4 Nf6 2. c4 e6 3. Bg5 Bb4+ 4. Nd2 h6 5. Bh4 c5 6. dxc5 Nc6 7. Ngf3 Bxc5 8. e3 0-0 9. Be2 d5 10. 0-0 Be7 11. Qc2 e5 12. Bxf6 Bxf6 13. cxd5 Qxd5 14. Rfd1 Be7 15. Nb3 Qe6 16. Nc5 Bxc5 17. Qxc5 b6 18. Qc4 e4 19. Nd2 f5 20. Nxe4 Ne5 21. Qd5 Qxd5 22. Rxd5 Nf7 23. Nc3 Be6 24. Rd4 Rfd8 25. Nb5 Rac8 26. Rxd8+ Nxd8 27. Nd4 Kf7 28. a3 Kf6 29. Rd1 Bf7 30. Ba6 Rc5 31. b4 Rc3 32. Nb5 Rb3 33. g4 Ne6 34. gxf5 Ng5 35. Bb7 Bh5 36. Rc1 Rb2 37. Rc6+ Ke7 38. Rc7+ Kf6 39. Kg2 a5 40. Nd6 axb4 41. axb4 Rxb4 42. f4 Rb2+ 43. Kg3 Rb3 44. fxg5+ hxg5 45. Kf2 Rb2+ 46. Kg1 Rb1+ 47. Kg2 Rb2+ 48. Kh3 Rb3 49. Ne4+ Ke5 50. Re7+ Kxf5 51. Bc8+ Kg6 52. Re6+ Kf7 53. Nxg5+ Kf8 54. Re5 g6 55. Nh7+ Kg7 56. Re7+ Kh6 57. Nf6 1-0

[Event "Sant Boi de Llobregat op 4th"]
[Site "Sant Boi de Llobregat"]
[Date "2023.12.02"]
[Round "3"]
[White "Puranik, Abhimanyu Sameer"]
[Black "Bronstein, Or"]
[Result "1/2-1/2"]
[WhiteElo "2627"]
[BlackElo "2428"]
[PlyCount "62"]
[EventDate "2023.11.30"]
[EventType "swiss"]
[EventRounds "9"]
[EventCountry "ESP"]
[SourceTitle "CB50_2023"]
[SourceDate "2023.12.13"]
[SourceVersion "1"]
[SourceVersionDate "2023.12.13"]
[SourceQuality "1"]

1. d4 Nf6 2. c4 e6 3. Nf3 d5 4. Qc2 c5 5. dxc5 Nc6 6. cxd5 exd5 7. e3 Qa5+ 8. Bd2 Qxc5 9. Nc3 Be7 10. Rc1 0-0 11. Qa4 Qb6 12. Bd3 Qxb2 13. 0-0 Qa3 14. Qxa3 Bxa3 15. Rb1 Rd8 16. Nb5 Be7 17. Nbd4 Ne4 18. Nxc6 bxc6 19. Ba5 Re8 20. Ne5 Nc5 21. Be2 Bf5 22. Rbc1 Rac8 23. Bb4 f6 24. Bxc5 fxe5 25. Ba6 Rc7 26. Bxe7 Rexe7 27. Rc5 Re8 28. Rfc1 Rb8 29. Bb5 Kf8 30. f3 Bd7 31. e4 Rcb7 1/2-1/2

[Event "Sant Boi de Llobregat op 4th"]
[Site "Sant Boi de Llobregat"]
[Date "2023.11.30"]
[Round "1"]
[White "Puranik, Abhimanyu Sameer"]
[Black "Habans Aguerrea, Javier"]
[Result "1/2-1/2"]
[WhiteElo "2627"]
[BlackElo "2345"]
[PlyCount "63"]
[EventDate "2023.11.30"]
[EventType "swiss"]
[EventRounds "9"]
[EventCountry "ESP"]
[SourceTitle "CB50_2023"]
[SourceDate "2023.12.13"]
[SourceVersion "1"]
[SourceVersionDate "2023.12.13"]
[SourceQuality "1"]

1. e4 c6 2. d4 d5 3. f3 e6 4. Nc3 Bb4 5. Bd2 b6 6. h4 Ne7 7. h5 h6 8. Nce2 Bxd2+ 9. Qxd2 c5 10. exd5 Qxd5 11. dxc5 Qxc5 12. 0-0-0 0-0 13. Nc3 Bb7 14. Bd3 Qa5 15. Qf4 Na6 16. a3 Nc5 17. Nge2 Rac8 18. Kb1 Nxd3 19. Rxd3 Bd5 20. Qd2 Bc4 21. Rd7 Nc6 22. Ng3 Rfd8 23. Nge4 Bd5 24. Nf6+ gxf6 25. Rxd8+ Rxd8 26. Qxh6 Qc5 27. Qxf6 Qd4 28. Qh6 Qg7 29. Qe3 Qe5 30. Qh6 Qg7 31. Qe3 Qe5 32. Qh6 1/2-1/2

[Event "Qatar Masters op"]
[Site "Doha"]
[Date "2023.10.20"]
[Round "9"]
[White "Puranik, Abhimanyu Sameer"]
[Black "Carlsen, Magnus"]
[Result "1/2-1/2"]
[WhiteElo "2618"]
[BlackElo "2839"]
[PlyCount "116"]
[EventDate "2023.10.11"]
[EventType "swiss"]
[EventRounds "9"]
[EventCountry "QAT"]
[SourceTitle "Mega2024 Update 01"]
[Source "Chessbase"]
[SourceDate "2023.11.12"]
[SourceVersion "1"]
[SourceVersionDate "2023.11.12"]
[SourceQuality "1"]

1. e4 e5 2. Nf3 Nc6 3. Bb5 a6 4. Ba4 b5 5. Bb3 Na5 6. d4 exd4 7. Qxd4 Bb7 8. Nc3 d6 9. Bg5 Ne7 10. Nd5 Rg8 11. c4 f6 12. Bd2 c5 13. Qc3 Nxc4 14. Bxc4 bxc4 15. 0-0-0 Nxd5 16. exd5 Kf7 17. Qxc4 Qd7 18. g4 Re8 19. Bc3 h5 20. Rhg1 g5 21. gxh5 Qf5 22. Rd3 g4 23. Nd2 Bh6 24. Kd1 Bxd2 25. Bxd2 Re5 26. Qb3 Ba8 27. Rgg3 Rge8 28. Qa4 Re4 29. Qxa6 Bxd5 30. Qxd6 Bc4 31. Qd7+ Qxd7 32. Rxd7+ Ke6 33. Rg7 Rd8 34. Kc1 Red4 35. R7xg4 Rxd2 36. Rxc4 Rxf2 37. Re3+ Kd5 38. Rh4 Kc6 39. a3 Rg8 40. Rg3 Re8 41. Kb1 Rb8 42. b4 cxb4 43. axb4 Re8 44. Rc3+ Kb5 45. Rc2 Rf3 46. h6 Ka4 47. Kc1 Kb3 48. Rb2+ Kc3 49. Rc2+ Kb3 50. Rd4 Ra8 51. Kd1 Rh3 52. b5 Ra1+ 53. Rc1 Rxc1+ 54. Kxc1 Rxh2 55. Rd6 Rxh6 56. b6 Rh8 57. Rxf6 Kc4 58. Kd2 Rb8 1/2-1/2

[Event "Qatar Masters op"]
[Site "Doha"]
[Date "2023.10.17"]
[Round "6"]
[White "Puranik, Abhimanyu Sameer"]
[Black "Kevlishvili, Robby"]
[Result "1/2-1/2"]
[WhiteElo "2618"]
[BlackElo "2521"]
[PlyCount "67"]
[EventDate "2023.10.11"]
[EventType "swiss"]
[EventRounds "9"]
[EventCountry "QAT"]
[SourceTitle "Mega2024 Update 01"]
[Source "Chessbase"]
[SourceDate "2023.11.12"]
[SourceVersion "1"]
[SourceVersionDate "2023.11.12"]
[SourceQuality "1"]

1. c4 e6 2. Nc3 d5 3. d4 Nf6 4. cxd5 Nxd5 5. e4 Nxc3 6. bxc3 c5 7. Bb5+ Nd7 8. Qa4 Be7 9. Be3 0-0 10. Rd1 Qc7 11. Nf3 a6 12. Be2 b5 13. Qb3 Bb7 14. Qb1 Nb6 15. Bd3 Na4 16. Bd2 Rac8 17. 0-0 cxd4 18. cxd4 Nc3 19. Bxc3 Qxc3 20. e5 g6 21. Be4 Bxe4 22. Qxe4 Qc6 23. d5 exd5 24. Rxd5 Rcd8 25. Rfd1 Rxd5 26. Rxd5 Qc1+ 27. Ne1 Rd8 28. Rxd8+ Bxd8 29. e6 fxe6 30. Qxe6+ Kf8 31. g3 Ba5 32. Qf6+ Ke8 33. Qe6+ Kf8 34. Qf6+ 1/2-1/2

[Event "Qatar Masters op"]
[Site "Doha"]
[Date "2023.10.14"]
[Round "4"]
[White "Puranik, Abhimanyu Sameer"]
[Black "Njili, Kamel"]
[Result "1-0"]
[WhiteElo "2618"]
[BlackElo "2423"]
[PlyCount "79"]
[EventDate "2023.10.11"]
[EventType "swiss"]
[EventRounds "9"]
[EventCountry "QAT"]
[SourceTitle "Mega2024 Update 01"]
[Source "Chessbase"]
[SourceDate "2023.11.12"]
[SourceVersion "1"]
[SourceVersionDate "2023.11.12"]
[SourceQuality "1"]

1. e4 c5 2. Nf3 d6 3. d4 cxd4 4. Nxd4 Nf6 5. Nc3 a6 6. h3 e6 7. g4 b5 8. g5 Nfd7 9. a3 Bb7 10. h4 Be7 11. Be3 Nc6 12. Qd2 Rc8 13. Nxc6 Bxc6 14. 0-0-0 Rb8 15. h5 a5 16. h6 g6 17. b4 axb4 18. axb4 Qc7 19. f4 0-0 20. Rh3 Rfc8 21. Kb2 Nb6 22. Ra1 Nc4+ 23. Bxc4 bxc4 24. Kc1 d5 25. exd5 Bxd5 26. Qd4 Bf8 27. Ra7 Bb7 28. Ne4 e5 29. fxe5 Rd8 30. Nf6+ Kh8 31. Nd5 Rxd5 32. Qxd5 Bxd5 33. Rxc7 Bxb4 34. Bc5 Ba5 35. Ra7 Bd8 36. Be7 Bb6 37. Ra6 Bd4 38. Bf6+ Kg8 39. e6 Bxf6 40. exf7+ 1-0

[Event "Qatar Masters op"]
[Site "Doha"]
[Date "2023.10.12"]
[Round "2"]
[White "Puranik, Abhimanyu Sameer"]
[Black "Chen, Qi B"]
[Result "1/2-1/2"]
[WhiteElo "2618"]
[BlackElo "2465"]
[PlyCount "73"]
[EventDate "2023.10.11"]
[EventType "swiss"]
[EventRounds "9"]
[EventCountry "QAT"]
[SourceTitle "Mega2024 Update 01"]
[Source "Chessbase"]
[SourceDate "2023.11.12"]
[SourceVersion "1"]
[SourceVersionDate "2023.11.12"]
[SourceQuality "1"]

1. e4 c6 2. d4 d5 3. f3 e6 4. Nc3 Bb4 5. Bd2 Ne7 6. a3 Ba5 7. Bd3 Bb6 8. Nge2 dxe4 9. Nxe4 0-0 10. Bf4 Bc7 11. Qd2 Bxf4 12. Qxf4 Ng6 13. Qg3 Qh4 14. 0-0-0 Rd8 15. f4 Qxg3 16. hxg3 Nf8 17. g4 b6 18. g5 a5 19. g4 Ra7 20. Rh3 Ba6 21. c4 Rad7 22. Rdh1 Rxd4 23. Nxd4 Rxd4 24. Nc3 g6 25. Ne2 Rd8 26. b4 axb4 27. axb4 e5 28. fxe5 Nbd7 29. e6 Nxe6 30. Rxh7 Ndf8 31. R7h3 c5 32. bxc5 Nxc5 33. Kc2 Nxd3 34. Rxd3 Rc8 35. Nc3 Bxc4 36. Re3 Kg7 37. Kb2 1/2-1/2

[Event "Tsaghkadzor op"]
[Site "Tsaghkadzor"]
[Date "2023.09.27"]
[Round "9"]
[White "Puranik, Abhimanyu Sameer"]
[Black "Dragnev, Valentin"]
[Result "1/2-1/2"]
[WhiteElo "2611"]
[BlackElo "2585"]
[PlyCount "25"]
[EventDate "2023.09.20"]
[EventType "swiss"]
[EventRounds "9"]
[EventCountry "ARM"]
[SourceTitle "EXT 2024"]
[Source "ChessBase"]
[SourceDate "2023.10.10"]
[SourceVersion "1"]
[SourceVersionDate "2023.10.10"]
[SourceQuality "1"]

1. e4 e5 2. Nf3 Nc6 3. Bb5 a6 4. Ba4 Nf6 5. 0-0 Be7 6. Re1 b5 7. Bb3 0-0 8. a4 Bb7 9. d3 d6 10. Nbd2 Na5 11. Ba2 c5 12. Nf1 Bc8 13. Ng3 1/2-1/2

[Event "Tsaghkadzor op"]
[Site "Tsaghkadzor"]
[Date "2023.09.23"]
[Round "5"]
[White "Puranik, Abhimanyu Sameer"]
[Black "Shubin, Kirill"]
[Result "1-0"]
[WhiteElo "2611"]
[BlackElo "2451"]
[PlyCount "119"]
[EventDate "2023.09.20"]
[EventType "swiss"]
[EventRounds "9"]
[EventCountry "ARM"]
[SourceTitle "EXT 2024"]
[Source "ChessBase"]
[SourceDate "2023.10.10"]
[SourceVersion "1"]
[SourceVersionDate "2023.10.10"]
[SourceQuality "1"]

1. e4 c5 2. Nf3 d6 3. d4 cxd4 4. Nxd4 Nf6 5. Nc3 Nc6 6. Bg5 e6 7. Qd2 a6 8. 0-0-0 Bd7 9. Kb1 Nxd4 10. Qxd4 Be7 11. f4 Bc6 12. Bc4 h6 13. Bh4 0-0 14. f5 e5 15. Qe3 Nxe4 16. Nxe4 Bxh4 17. Bd5 Be7 18. Rhf1 Bxd5 19. Rxd5 f6 20. Qb3 Rf7 21. Qxb7 Bf8 22. Qb3 Rb8 23. Qd3 Rfb7 24. b3 a5 25. Nc5 Ra7 26. Ne6 Qc8 27. a4 Qa6 28. Qxa6 Rxa6 29. Nc7 Rc6 30. Nb5 Kf7 31. g4 Be7 32. Rf3 g6 33. Kb2 h5 34. h3 hxg4 35. hxg4 Rh8 36. Rc3 Rxc3 37. Nxc3 Rh4 38. Rxa5 Rxg4 39. fxg6+ Ke6 40. Ra8 f5 41. a5 Bh4 42. a6 Bf2 43. a7 Bxa7 44. Rxa7 Rxg6 45. Ra8 f4 46. b4 Rg7 47. b5 Rf7 48. Re8+ Kf5 49. Kc1 f3 50. Kd2 Kf4 51. Re6 d5 52. Rf6+ Rxf6 53. Nxd5+ Kg3 54. Nxf6 f2 55. Ne4+ Kg2 56. Nxf2 Kxf2 57. b6 e4 58. b7 e3+ 59. Kd3 e2 60. b8Q 1-0